000 00213nam a2200085Ia 4500
008 120527s9999 xx 000 0 und d
100 _aRoesel, E.
245 _aImmunology : a self-instructional approach
942 _cBK
999 _c27350
_d27350